| 000 | 00000nam##2200000za#4500 |
| 001 | 9.615751 |
| 003 | CaOODSP |
| 005 | 20221005083701 |
| 007 | ta |
| 008 | 150406|2001||||xxc||||| f|0| 0 eng|d |
| 020 | |a0-662-31032-2 |
| 040 | |aCaOODSP|beng |
| 043 | |an-cn--- |
| 086 | 1 |aH113-5/2001-1E |
| 110 | 1 |aCanada. |bPest Management Regulatory Agency. |
| 245 | 10|aDiscontinuation of the Organophosphate Insecticide Methidathion |
| 260 | |aOttawa - Ontario : |bHealth Canada. |c2001. |
| 300 | |a4p. ; |c28 cm. |
| 490 | 1 |aRe-evaluation note |vREV 2001-01 |
| 500 | |a"The purpose of this regulatory note is to notify registrants, pesticide regulatory officials, and the Canadian public that, as of January 23, 1998, the registrant, Novartis, discontinued the sale of products containing methidathion in Canada."--Paper cover. |
| 520 | 3 |aThe purpose of this regulatory note is to notify registrants, pesticide regulatory officials, and the Canadian public that, as of January 23, 1998, the registrant, Novartis, discontinued the sale of products containing methidathion in Canada.--Paper cover |
| 563 | |aSoftcover |
| 590 | |a01-46|b2001-11-16 |
| 690 | 07|aChemical products|2gcpds |
| 775 | 08|tCessation de l'homologation de l'insecticide organophosphaté méthidathion |w(CaOODSP)9.625775 |
| 776 | 0#|tDiscontinuation of the organophosphate insecticide methidathion |w(CaOODSP)9.557952 |
| 830 | #0|aRe-evaluation note (Canada. Pest Management Regulatory Agency)|vREV 2001-01|w(CaOODSP)9.514700 |